| 000 | 03405cam a22004933a 4500 | ||
|---|---|---|---|
| 005 | 20051114095758.0 | ||
| 008 | 991019s1999 nyu j 000 1 eng d | ||
| 010 | _aB-331056-066 | ||
| 020 |
_a0590993976 _c95.00 |
||
| 020 |
_a9780590993975 _c95.00 |
||
| 035 | _aB-331056-066 | ||
| 035 | _aB-358582 | ||
| 037 | _bThe Wise owl | ||
| 040 |
_adpl _bEnglish |
||
| 082 | _aS | ||
| 100 | _aStine, R. L. | ||
| 245 |
_aZombie school / _cby R.L. Stine |
||
| 260 |
_aGurgaon _bScholastic Inc. _c2008 (repr.) |
||
| 300 |
_a135p. _c20cm. (pbk) |
||
| 490 | _aGive yourself goosebumps ;40 | ||
| 500 | _a"An Apple paperback." | ||
| 500 | _a"A Parachute Press book"--T.p. verso. | ||
| 650 | _aHorror tales. | ||
| 655 |
_aHorror fiction. _2gsafd |
||
| 655 |
_aChildren's stories. _2lcsh |
||
| 710 | _aCopyright Paperback Collection (Library of Congress) | ||
| 800 |
_aStine, R. L. _tGive yourself goosebumps ;40 |
||
| 942 |
_2ddc _cCH _hS _mSTI |
||
| 999 |
_c21279 _d21279 |
||